Statistics for Jim Carrey Movies In French

Click here to take the quiz!

General Stats

  • This quiz has been taken 21 times
  • The average score is 13 of 15

Answer Stats

HintAnswer% Correct
Stupide et stupideDumb and Dumber
92%
Comment le Grinch a volé NoëlHow The Grinch Stole Christmas
92%
moi moi-même et IrèneMe Myself & Irene
92%
Le gars du câbleThe Cable Guy
92%
Le masqueThe Mask
92%
Le spectacle de TumanThe Truman Show
92%
Batman pour toujoursBatman Forever
83%
Bruce Tout-PuissantBruce Almighty
83%
S’amuser avec Dick et JaneFun With Dick and Jane
83%
Sauvage SauvageLiar Liar
83%
L’homme sur la luneMan On the Moon
83%
Le nombre 23The Number 23
83%
Ace Ventura Détective pour animaux de compagnieAce Ventura Pet Detective
75%
Soleil éternel de l’esprit sans tacheEternal Sunshine of the Spotless Mind
75%
béni-oui-ouiYes Man
58%

Score Distribution

Percentile by Number Answered

Percent of People with Each Score

Your Score History

You have not taken this quiz